Impact study of IPM farmer field school ការសិក្សាអំពីប្រសិទ្ធិភាពនៃសាលារៀនIPMលើស្រែកសិករ (Record no. 324)

000 -LEADER
fixed length control field 00525nam a22001337a 4500
040 ## - CATALOGING SOURCE
Transcribing agency RUA
082 ## - DEWEY DECIMAL CLASSIFICATION NUMBER
Classification number AGR PHA 1997 B019 Or.1
100 ## - MAIN ENTRY--AUTHOR NAME
Personal name PHAL, PHANNY
245 ## - TITLE STATEMENT
Title Impact study of IPM farmer field school ការសិក្សាអំពីប្រសិទ្ធិភាពនៃសាលារៀនIPMលើស្រែកសិករ
260 ## - PUBLICATION, DISTRIBUTION, ETC. (IMPRINT)
Place of publication Phnom Penh
Name of publisher RUA
Year of publication 1997
300 ## - PHYSICAL DESCRIPTION
Number of Pages 96p.
Other physical details ill.
Dimensions 29cm.
856 ## - ELECTRONIC LOCATION AND ACCESS
Uniform Resource Identifier https://drive.google.com/file/d/1bhV2vl0yzy51HQThir0z3_V6JuWmt1Ow/view?usp=sharing
942 ## - ADDED ENTRY ELEMENTS (KOHA)
Koha item type AGR
952 ## - LOCATION AND ITEM INFORMATION (KOHA)
Withdrawn status [LOCAL, KOHA] 0
952 ## - LOCATION AND ITEM INFORMATION (KOHA)
Withdrawn status [LOCAL, KOHA] 0
952 ## - LOCATION AND ITEM INFORMATION (KOHA)
Withdrawn status [LOCAL, KOHA] 0
952 ## - LOCATION AND ITEM INFORMATION (KOHA)
Withdrawn status [LOCAL, KOHA] 0
952 ## - LOCATION AND ITEM INFORMATION (KOHA)
Withdrawn status [LOCAL, KOHA] 0
952 ## - LOCATION AND ITEM INFORMATION (KOHA)
Withdrawn status [LOCAL, KOHA] 0
952 ## - LOCATION AND ITEM INFORMATION (KOHA)
Withdrawn status [LOCAL, KOHA] 0
952 ## - LOCATION AND ITEM INFORMATION (KOHA)
Withdrawn status [LOCAL, KOHA] 0
952 ## - LOCATION AND ITEM INFORMATION (KOHA)
Withdrawn status [LOCAL, KOHA] 0
952 ## - LOCATION AND ITEM INFORMATION (KOHA)
Withdrawn status [LOCAL, KOHA] 0
952 ## - LOCATION AND ITEM INFORMATION (KOHA)
Withdrawn status [LOCAL, KOHA] 0
Holdings
Permanent Location Date acquired Koha item type Lost status Shelving location Barcode Current Location Full call number
Library Block B2015-09-12AGR B018RUA003251Library Block BAGR PHA 1997 B019 Or.1
Library Block B2015-09-12AGR B018RUA003107Library Block BAGR PHA 1997 B019 Or.2
Library Block B2015-09-12AGR B018RUA003108Library Block BAGR PHA 1997 B019 Or.3
Library Block B2015-09-12AGR B018RUA003037Library Block BAGR PHA 1997 B019 Or.4
Library Block B2015-09-12AGR B018RUA003576Library Block BAGR PHA 1997 B019 Or.5
Library Block B2015-09-12AGR B018RUA003199Library Block BAGR PHA 1997 B019 Or.6
Library Block B2015-09-12AGR B018RUA004140Library Block BAGR PHA 1997 B019 Or.7
Library Block B2015-09-12AGR B018RUA003052Library Block BAGR PHA 1997 B019 Or.8
Library Block B2015-09-12AGR B018RUA003124Library Block BAGR PHA 1997 B019 Or.9
Library Block B2015-09-12AGR B018RUA003249Library Block BAGR PHA 1997 B019 Or.10
Library Block B2015-09-27AGR B019RUA008807Library Block BAGR PHA 1997 B019 Or.11
មជ្ឈមណ្ឌលឯការនៃសាកលវិទ្យាល័យភូមិន្ទកសិកម្មចំការដូង

Powered by Koha